[Event "CRO-chT4 South"]
[Site "Zadar"]
[Date "2013.10.20"]
[Round "6.5"]
[White "Jukic, Dominik"]
[Black "Mileusnic, Slobodan"]
[Result "0-1"]
[WhiteElo "1622"]
[BlackElo "1835"]
[PlyCount "83"]
[EventDate "2013.04.28"]
[EventType "team-tourn"]
[EventRounds "7"]
[EventCountry "CRO"]
[SourceTitle "EXT 2014"]
[Source "ChessBase"]
[SourceDate "2013.11.20"]
[SourceVersion "1"]
[SourceVersionDate "2013.11.20"]
[SourceQuality "1"]
[WhiteTeam "Split Student"]
[BlackTeam "Zadar II"]
[WhiteTeamCountry "CRO"]
[BlackTeamCountry "CRO"]

1. e4 e5 2. d4 exd4 3. Nf3 Bb4+ 4. Bd2 Qe7 5. Bd3 Bxd2+ 6. Qxd2 Nc6 7. 0-0 Nf6 8. Re1 d6 9. Bb5 0-0 10. Nxd4 Nxd4 11. Qxd4 Qe5 12. Qxe5 dxe5 13. Nc3 c6 14. Bc4 Re8 15. Rad1 Be6 16. Bxe6 Rxe6 17. Rd2 Kf8 18. f3 Ree8 19. Red1 Ke7 20. Kf2 Red8 21. g3 Rxd2+ 22. Rxd2 b5 23. Ke3 Nd7 24. f4 a5 25. h3 a4 26. a3 Nb6 27. b3 axb3 28. cxb3 Rxa3 29. Rb2 Nc4+ 30. bxc4 Rxc3+ 31. Kf2 Rxc4 32. Ke3 Rc3+ 33. Kf2 exf4 34. gxf4 Rxh3 35. Kg2 Rc3 36. Ra2 g6 37. Ra7+ Kf6 38. e5+ Ke6 39. Rb7 h5 40. Ra7 f6 41. exf6 Kxf6 42. Ra8 0-1

[Event "CRO-chT4 South"]
[Site "Zadar"]
[Date "2013.05.19"]
[Round "4.5"]
[White "Jukic, Dominik"]
[Black "Solic, Alen"]
[Result "1-0"]
[WhiteElo "1622"]
[BlackElo "1741"]
[PlyCount "81"]
[EventDate "2013.04.28"]
[EventType "team-tourn"]
[EventRounds "7"]
[EventCountry "CRO"]
[SourceTitle "EXT 2014"]
[Source "ChessBase"]
[SourceDate "2013.11.20"]
[SourceVersion "1"]
[SourceVersionDate "2013.11.20"]
[SourceQuality "1"]
[WhiteTeam "Split Student"]
[BlackTeam "Mravince III"]
[WhiteTeamCountry "CRO"]
[BlackTeamCountry "CRO"]

1. e4 e5 2. Nf3 Nc6 3. d4 exd4 4. Nxd4 Nf6 5. Nxc6 bxc6 6. Bd3 Bc5 7. 0-0 0-0 8. Bg5 Re8 9. Re1 d6 10. h3 Be6 11. Nc3 h6 12. Bh4 g5 13. Bg3 Qd7 14. e5 dxe5 15. Bxe5 Qd8 16. Qf3 Be7 17. Rad1 Nd5 18. Na4 Qc8 19. c4 Nb6 20. Qxc6 Nxa4 21. Qxa4 c5 22. Be4 Rb8 23. Bxb8 Qxb8 24. b3 Bf6 25. Qc6 Bd4 26. Qb7 Qf4 27. Re2 Bf5 28. Rde1 Rxe4 29. Rxe4 Qxf2+ 30. Kh1 Bxh3 31. Re8+ Kg7 32. gxh3 a5 33. Qg2 Qf5 34. Rf1 Qd7 35. Rfe1 a4 36. Qf3 Bf6 37. h4 axb3 38. axb3 Qd4 39. hxg5 Qh4+ 40. Kg2 hxg5 41. Rf1 1-0